000 00560cam a22002291 4500
001 ne 64000202
003 DLC
005 20260227111754.0
008 890401s1961 xx 000 0 ara
010 _ane 64000202
035 _a(OCoLC)23518232
040 _aDLC
_cMiU
_dDLC
042 _apremarc
043 _aa-is---
050 0 0 _aDS126.6.A2
_bN3
100 1 _aNajjār, Ṣubḥī Sādiq.
245 1 0 _aMin jarāʼim al-Ṣahyūnīyah.
260 _c[1961]
300 _a53 p.
_c19 cm.
500 _aRomanized.
650 0 _aAssassination
_zIsrael.
999 _c46626
_d46626